000 00888nas a2200253 4500
001 BR7802876
003 BR-BrBNA
005 20231205083424.0
007 ta
008 230509b bl.|||p| |||| 00| 00por d
040 _aBR-BrBNA
_bpor
_cBiblioteca Nacional de Agricultura
041 _a(Pt)
072 _aE70; E15
110 1 _aEmpresa de Pesquisa Agropecuaria de Minas Gerais, Belo Horizonte (Brasil)
245 1 _aInformes economicos sobre a evolucao do setor agropecuario [abastecimento, preco, Minas Gerais]
650 _aABASTECIMENTO
650 _aPRECO
650 _aCUSTO DE PRODUCAO
650 _aECONOMIA DA PRODUCAO
650 _aMINAS GERAIS
773 0 _tInforme Agropecuario - Empresa de Pesquisa Agropecuaria de Minas Gerais (Brazil)
_xISSN 0100-3364
_g(Jan 1977), v. 3(25) p. 4-80
_wBR7802876
909 _a202311
_bLúcia
_c55
_dLúcia Elande
942 _2AGRIS
_n0
_cANA
999 _c98644
_d98644